| 000 | 01085cam a2200349Li 4500 | ||
|---|---|---|---|
| 001 | 89018 | ||
| 005 | 20230411090047.0 | ||
| 008 | 980202s1998 enkab b 001 0 eng d | ||
| 035 | _a(OCoLC)ocn490902734 | ||
| 040 |
_aZWZ _encafnor _bfre _cZWZ _dSHS |
||
| 015 | _aGB98-Z3887 | ||
| 020 | _a0563387998 | ||
| 020 | _a9780563387992 | ||
| 020 | _a0691002290 (rel) | ||
| 020 | _a9780691002293 (rel) | ||
| 029 | 0 |
_aZWZ _b045940924 |
|
| 035 | _a(OCoLC)490902734 | ||
| 082 | 0 | 4 |
_a551.7 _221 |
| 049 | _aGRAL | ||
| 100 | 1 | _aLamb, Simon. | |
| 245 | 1 | 0 |
_aEarth story : _bthe shaping of our world / _cSimon Lamb & David Sington. |
| 260 |
_aLondon : _bBBC Books, _c1998. |
||
| 300 |
_a1 vol. (240 p.) : _bill. ; _c29 cm. |
||
| 500 | _a"Book published to accompany the television series : Earth story which was first broadcast on BBC 2 in 1998." (verso de la page de titre). | ||
| 504 | _aBibliogr. p. 234. Index. Glossaire. | ||
| 650 | 7 |
_aGâeologie historique. _2ram |
|
| 700 | 1 | _aSington, David. | |
| 710 | 2 | _aBBC. | |
| 942 |
_2lcc _cbk |
||
| 946 | _aAFJ | ||
| 994 |
_aC0 _bDRFGD |
||
| 999 |
_c111776 _d111776 |
||